[Event "Aeroflot Open 2017"]
[Site "Moscow"]
[Date "2017.02.23"]
[Round "3"]
[White "Van Foreest, Jorden"]
[Black "Jobava, Baadur"]
[Result "0-1"]
[WhiteElo "2584"]
[BlackElo "2701"]
[Annotator "TA"]
[PlyCount "116"]
[EventDate "2017.??.??"]

1. e4 e5 2. Nf3 Nf6 3. Nxe5 {??.} d6 4. Nf3 Nxe4 5. Nc3 Nxc3 6. dxc3 Be7 7. Be3
O-O 8. Qd2 Nc6 9. O-O-O Bf5 10. Be2 Re8 11. h4 Qd7 12. h5 Bf6 13. Kb1 a5 14.
Nh2 (14. h6 $14) 14... Qe6 $15 15. Bf3 Ne5 $36 {Black has the initiative.} 16.
Be2 ({Don't go for} 16. Bxb7 $2 Nc4 17. Qd5 Rab8 $19) (16. Bd4 $11 {keeps the
balance.}) 16... Nc4 $17 17. Bxc4 Qxc4 18. Nf3 Be6 19. b3 Qxc3 20. Qxc3 Bxc3
21. Nd4 {White wants to play Nb5.} Bd7 22. a4 h6 23. Rh4 (23. Nb5 $142 Bxb5 24.
axb5) 23... c6 24. Bd2 Bxd2 25. Rxd2 Re1+ 26. Kb2 Rae8 27. Nf3 R1e2 28. Rxd6
Be6 29. Rd2 Bd5 $1 {[#] Threatens to win with ...Bxf3.} 30. Kc3 Bxf3 31. gxf3
$15 {Endgame KRR-KRR} R8e5 32. b4 (32. Rxe2 $15 Rxe2 33. Rh2) 32... axb4+ $17
33. Rxb4 {Rxe2 is the strong threat.} Rc5+ 34. Kd3 Re7 35. Re4 Kf8 ({Black
should play} 35... Rc7 $17 36. Rh4 b5) 36. c4 $1 $15 Rxh5 ({Better is} 36...
Rc7 $17 37. Kc3 Kg8) 37. Rxe7 $1 $11 Kxe7 $17 {KR-KR} 38. Rb2 Rf5 39. Rxb7+ Ke6
40. Ke3 h5 41. Rc7 Kd6 42. Rb7 (42. Rc8 $17 {is the only way for White.}) 42...
h4 $19 43. Rb1 h3 44. Rh1 {[#]} Rh5 $1 45. f4 Kc5 46. a5 Kxc4 47. a6 Ra5 48.
Kd2 Ra2+ 49. Kc1 Ra1+ 50. Kb2 Rxa6 51. Rxh3 c5 52. Rh7 $2 (52. f5 Rf6 53. Rf3)
52... Rf6 {Black is clearly winning.} 53. Rxg7 Rxf4 54. Rg2 Kd3 55. Rh2 c4 56.
Kc1 Ke2 57. Kc2 Rf3 58. Rg2 f5 0-1

[Event "Aeroflot Open 2017"]
[Site "Moscow"]
[Date "2017.02.23"]
[Round "3"]
[White "Maghsoodloo, Parham"]
[Black "Korobov, Anton"]
[Result "1/2-1/2"]
[WhiteElo "2575"]
[BlackElo "2691"]
[Annotator "TA"]
[PlyCount "106"]
[EventDate "2017.??.??"]

1. d4 Nf6 2. c4 e6 3. Nf3 d5 4. g3 dxc4 5. Qa4+ Nbd7 6. Bg2 a6 7. Nc3 Rb8 8.
Qxc4 b5 9. Qd3 Bb7 10. Bf4 Rc8 11. O-O c5 12. dxc5 Bxc5 13. a3 {LiveBook: 3
Games} O-O 14. Rad1 Qb6 15. e4 Rfd8 16. Qe2 h6 17. e5 Nd5 18. Nxd5 Bxd5 {[#]}
19. Rxd5 $1 exd5 20. b4 Be7 21. Bh3 Nf8 {Strongly threatening ...Rc3.} 22. Bxc8
Rxc8 23. Rd1 Rc3 24. Rd3 ({Much weaker is} 24. Rxd5 Rxa3 25. Kg2 Bxb4 $17)
24... Rxd3 25. Qxd3 Qc6 26. Nd4 Qc4 27. Qxc4 dxc4 $11 {Endgame KBN-KBN} 28. Nc6
Bg5 29. Kf1 Ne6 30. Bxg5 {The position is equal.} hxg5 {KN-KN} 31. Nb8 Nc7 32.
Nd7 g4 33. Ke2 $1 Kh7 34. f3 gxf3+ 35. Kxf3 Kg6 36. Ke4 Kg5 {With the idea ...
Kg4.} 37. h3 $1 c3 38. Kd3 Kf5 39. Nc5 Kxe5 40. Kxc3 Kd5 41. Kd3 a5 42. Ne4 a4
43. Ng5 f5 44. h4 Ne8 45. Nf3 Nd6 46. Nd4 Ke5 47. Nf3+ Ke6 48. Nd4+ Kd5 49. Ne2
Ne4 50. Nf4+ Ke5 51. Nh5 g5 (51... g6 $5 52. Nf4 $8 g5 53. hxg5 Nxg5 $11) 52.
hxg5 Nxg5 {aiming for ...Nf7.} 53. Nf4 Ne4 1/2-1/2

[Event "Aeroflot Open 2017"]
[Site "Moscow"]
[Date "2017.02.23"]
[Round "3"]
[White "Predke, Alexandr"]
[Black "Adhiban, B."]
[Result "1-0"]
[WhiteElo "2573"]
[BlackElo "2682"]
[Annotator "TA"]
[PlyCount "141"]
[EventDate "2017.??.??"]

1. e4 c5 2. Nf3 Nc6 3. Nc3 g6 4. d4 cxd4 5. Nxd4 Bg7 6. Be3 Nf6 7. Bc4 Qa5 (
7... O-O $11) 8. O-O $14 O-O 9. Nb3 Qc7 10. Re1 a6 11. Bf1 d6 12. Nd5 Nxd5 13.
exd5 Ne5 14. Bd4 b5 15. a4 bxa4 16. Rxa4 Rb8 17. Qd2 Re8 18. Bc3 (18. Bxa6 $6
Bxa6 19. Rxa6 Qb7 $11) 18... Qb6 19. Rea1 Ra8 20. Rb4 Qc7 21. Bd4 e6 22. f4 (
22. dxe6 $16 {Black must now prevent f4.} Bxe6 23. Rba4 (23. Rxa6 Rxa6 24. Bxa6
Ra8 $14) (23. Bxa6 $2 Bxb3 24. cxb3 Nc6 25. Bxg7 Nxb4 $19)) 22... Ng4 $1 $11
23. dxe6 fxe6 (23... Bxe6 $11 {remains equal.} 24. Bxg7 Kxg7) 24. Bxg7 Kxg7 25.
Rc4 Qa7+ 26. Qd4+ e5 27. fxe5 dxe5 28. Qxa7+ Rxa7 29. Be2 Ne3 30. Rc3 Nd5 31.
Rc5 Nf4 32. Bc4 e4 ({Better is} 32... Bf5 $11) 33. Rf1 $14 Nh5 34. Nd4 $36 {
White has the initiative.} e3 35. Rc6 Rae7 36. Bxa6 Rd8 {[#] Threatens to win
with ...Bxa6.} 37. Nf3 ({White should try} 37. Rxc8 $14 Rxd4 38. Re1) 37...
Bxa6 (37... Bg4 $11 38. Re1 Bxf3 39. gxf3 Nf4) 38. Rxa6 Nf4 39. Re1 Rb8 40. g3
Nd5 41. Rd6 Nf6 42. b3 Rc8 43. Re2 Ng4 (43... Ne4 $142 44. Rxe3 Rxc2) 44. Nd4
$16 Rc3 45. Kg2 Nf6 (45... h5 {was called for.} 46. Rc6 Rxc6 47. Nxc6 Rd7) 46.
Re6 $18 Rd7 47. Nb5 Rc5 48. c4 Ng4 49. h3 Rd2 50. Nc3 ({Worse is} 50. hxg4
Rxe2+ 51. Kf3 Re1 $11) 50... Re5 {[#]} (50... Ne5 $142 51. Rxd2 exd2) 51. Rxd2
$3 exd2 52. Rxe5 Nxe5 {Endgame KN-KN} 53. Kf2 Nc6 54. c5 (54. Ke3 $18 {is the
precise move to win.}) 54... Nd4 $2 (54... Kf6 $16 {might work better.} 55. Ke3
Ke5 56. Kxd2 Kd4) 55. b4 Kf7 56. Ke3 Nc2+ 57. Kxd2 Nxb4 58. Ke3 Ke6 59. Ke4 Na6
60. Kd4 Nc7 61. Ne2 Kf5 $2 (61... Kd7 {is a better defense.} 62. Kc4 Ne6) 62.
c6 Ke6 63. Kc5 Ke5 64. Nc3 g5 65. Kb6 Ne8 66. c7 Nd6 67. Nb5 {White mates.}
Nc8+ 68. Kb7 Ne7 69. g4 h6 70. Na7 Kd6 71. Nc8+ 1-0

[Event "Aeroflot Open 2017"]
[Site "Moscow"]
[Date "2017.02.23"]
[Round "3"]
[White "Indjic, Aleksandar"]
[Black "Fedoseev, Vladimir"]
[Result "1/2-1/2"]
[WhiteElo "2560"]
[BlackElo "2658"]
[Annotator "TA"]
[PlyCount "80"]
[EventDate "2017.??.??"]

1. d4 d5 2. c4 c6 3. Nf3 Nf6 4. Nc3 e6 5. Bg5 h6 6. Bh4 dxc4 7. e4 g5 8. Bg3 b5
9. Be2 Bb7 10. e5 Nd5 11. h4 g4 12. Nd2 {LiveBook: 7 Games} Nxc3 13. bxc3 c5
14. Bxg4 (14. a4 $142) 14... cxd4 $17 15. Bf3 Bxf3 16. Qxf3 {[#]} Qd5 $1 17.
Ne4 Be7 18. cxd4 Nc6 19. Rd1 c3 (19... Rd8 $17 20. Qe3 b4) 20. O-O {[#]} ({
White should play} 20. Nxc3 $15 Bb4 21. Rd3) 20... Rc8 (20... b4 $1 $17 21.
Nd6+ Bxd6) 21. Nxc3 $11 Qxf3 22. gxf3 Nxd4 23. Rxd4 Rxc3 24. Rfd1 $1 Rc7 25. h5
a5 26. Kf1 O-O 27. Bf4 Bg5 28. Bxg5 hxg5 {Endgame KRR-KRR} 29. Rg4 Kh7 30. Rxg5
Kh6 (30... Rc2 $17 31. a3 Rc3) 31. Rg4 {The position is equal.} Rc2 ({Not} 
31... Kxh5 32. Kg2 Rc1 33. Rxc1 Rh8 34. Rh1#) 32. Rf4 Rxa2 {White must now
prevent ...a4.} 33. Rf6+ $1 Kh7 34. Rd7 Kg8 35. f4 Ra1+ 36. Kg2 Re1 37. Rb7 b4
38. Rb5 Ra8 39. Rb7 Rf8 $1 40. Rb5 Ra8 1/2-1/2

[Event "Aeroflot Open 2017"]
[Site "Moscow"]
[Date "2017.02.23"]
[Round "3"]
[White "Ramirez, Alejandro"]
[Black "Rozum, Ivan"]
[Result "1/2-1/2"]
[WhiteElo "2549"]
[BlackElo "2601"]
[Annotator "TA"]
[PlyCount "70"]
[EventDate "2017.??.??"]

1. e4 c6 2. d4 d5 3. f3 Qb6 4. Nc3 dxe4 5. Nxe4 Bf5 6. c3 Nd7 7. Bd3 Bg6 {
LiveBook: 4 Games} ({Black should try} 7... e5 $11) 8. Ne2 Ngf6 9. Be3 e6 (9...
Qxb2 10. Rb1 Qxa2 11. Rxb7 $16) 10. Qd2 Qc7 11. O-O-O O-O-O 12. h4 Be7 13. Qc2
c5 14. Bf4 Qc6 {[#] Hoping for ...c4.} 15. dxc5 Nxc5 16. Nxc5 Bxc5 17. Bxg6
hxg6 18. Rxd8+ Rxd8 19. c4 Bb6 20. Rd1 Rxd1+ 21. Kxd1 Bf2 22. Qd3 Nd7 ({
Of course not} 22... Bxh4 $6 23. g3 e5 24. Bxe5 $14 (24. gxh4 exf4 25. Nxf4 Qb6
$11)) 23. Nc3 Nc5 (23... Kd8 $11) 24. Qd2 $16 Qd7 25. Nb5 {[#] Black must now
prevent Nd6+.} Qxd2+ 26. Kxd2 {Endgame KBN-KBN} Kd7 27. Nxa7 Na4 28. Be3 (28.
b3 $14) 28... Bxe3+ $11 {The position is equal.} ({Wrong is} 28... Bxh4 $2 29.
b3 $18) 29. Kxe3 Nxb2 {KN-KN} 30. Kd4 f6 31. Kc5 e5 32. Nb5 Na4+ 33. Kb4 Nb2
34. Kc5 Na4+ 35. Kb4 Nb2 1/2-1/2

[Event "Aeroflot Open 2017"]
[Site "Moscow"]
[Date "2017.02.23"]
[Round "3"]
[White "Gabrielian, Artur"]
[Black "Goganov, Aleksey"]
[Result "1/2-1/2"]
[WhiteElo "2532"]
[BlackElo "2632"]
[Annotator "TA"]
[PlyCount "80"]
[EventDate "2017.??.??"]

1. e4 e5 2. Nf3 Nc6 3. Bc4 {??.} Bc5 4. O-O Nf6 5. d3 d6 6. c3 a6 7. Bg5 h6 8.
Bh4 Ba7 9. Kh1 (9. a4 $14) 9... g5 $15 10. Bg3 O-O 11. Nbd2 Kg7 12. a4 Nh5 13.
Ng1 Nxg3+ 14. fxg3 g4 15. Ne2 Qg5 16. d4 exd4 17. Nf4 (17. cxd4 $11 Bxd4 18.
Nxd4 Nxd4 19. Bd5) 17... dxc3 18. bxc3 Ne5 $36 {Black has the initiative.} 19.
Ba2 Bd7 20. Nc4 Rae8 21. Nxe5 Rxe5 22. Nd5 Bc8 23. Rf4 ({Don't go for} 23. Nxc7
$2 Qh5 24. h4 gxh3 25. Qxh5 Rxh5 $19) 23... Qg6 24. Nf6 Be3 25. Rf1 Bc5 26. Rf4
h5 27. Qd3 c6 (27... Qxf6 $15 28. Rxf6 Kxf6) 28. Raf1 $11 d5 (28... a5 $15) 29.
Qd2 dxe4 {[#]} 30. Nxe4 $1 Rxe4 31. Rxe4 Qxe4 32. Qg5+ Qg6 33. Qxc5 Be6 34.
Qe5+ Kg8 35. Rf6 Bxa2 (35... Qh7 $11 36. Rxe6 fxe6 37. Qxe6+ Kh8 38. Qe5+ Qg7
39. Qxh5+ Qh7 40. Qe5+ Qg7 41. Qh5+ Qh7 42. Qe5+ Qg7 43. Qh5+) 36. Rxg6+ $16
fxg6 {[#]} 37. h4 (37. h3 $16) 37... Bd5 38. Kg1 Rf7 39. a5 {White has
compensation.} Kh7 40. Qe3 c5 1/2-1/2

[Event "Aeroflot Open 2017"]
[Site "Moscow"]
[Date "2017.02.23"]
[Round "3"]
[White "Sunilduth Lyna, Narayanan"]
[Black "Saric, Ivan"]
[Result "1-0"]
[WhiteElo "2524"]
[BlackElo "2648"]
[Annotator "TA"]
[PlyCount "83"]
[EventDate "2017.??.??"]

1. d4 Nf6 2. c4 e6 3. Nf3 Bb4+ 4. Nbd2 O-O 5. a3 Be7 6. e4 d5 7. e5 Nfd7 8. Bd3
c5 9. O-O a5 10. Re1 Nc6 11. Bc2 Re8 12. cxd5 exd5 13. h3 {LiveBook: 5 Games}
g6 14. dxc5 Nxc5 15. Nb3 {White has an edge.} Ne6 16. Be3 a4 17. Nbd4 Nexd4 18.
Bxd4 Nxd4 19. Nxd4 Qb6 ({Black should play} 19... Bc5 $11 20. Nf3 Qb6) 20. Bxa4
$14 Rd8 21. Re2 Bc5 22. Nf3 d4 23. Bc2 d3 (23... Qxb2 $6 {[#]} 24. Bxg6 $1 Qb6
25. Bd3 $18) 24. Bxd3 Bf5 25. Ne1 Rd5 26. Qb1 Rxd3 (26... Bxd3 $1 $14 27. Nxd3
Qb5) 27. Nxd3 $18 {g4 is the strong threat.} Rd8 28. Rd2 Qb5 29. a4 Qd7 30. b4
(30. Nxc5 $6 Qxd2 31. Qc1 Qd5) 30... Bd4 $2 {[#]} (30... Be7) 31. Ra3 (31. Nc5
$142 Bxb1 32. Nxd7 Bxa1 33. Nf6+ Kg7 34. Rxd8 Bxe5 35. Ne8+ Kf8 36. Rd5) 31...
Bxe5 32. Qe1 Bc7 33. Rc3 Qd6 (33... Bb8 {might work better.} 34. a5 Qd6) 34.
Ne5 Qxd2 35. Qxd2 Rxd2 36. Rxc7 {Endgame KRB-KRN} f6 37. Ng4 ({Worse is} 37.
Rxb7 fxe5 38. a5 Ra2 $15) 37... Bxg4 38. hxg4 b6 39. Rc6 b5 $2 (39... Ra2 {
keeps fighting.} 40. Rxf6 Rxa4 41. Rxb6 Kf8) 40. a5 {White is clearly winning.}
({Less strong is} 40. Rxf6 bxa4 41. Ra6 Ra2 $16) 40... Rb2 41. Rc7 ({Not} 41.
Rxf6 Rxb4 42. g5 Ra4 $16) 41... Rxb4 (41... Rb1+ $5 42. Kh2 $8 Ra1 $18) 42. a6
1-0

[Event "Aeroflot Open 2017"]
[Site "Moscow"]
[Date "2017.02.23"]
[Round "3"]
[White "Harutyunian, Tigran K"]
[Black "Karthikeyan, Murali"]
[Result "0-1"]
[WhiteElo "2515"]
[BlackElo "2578"]
[Annotator "TA"]
[PlyCount "82"]
[EventDate "2017.??.??"]

1. Nf3 Nf6 2. g3 g6 3. Bg2 Bg7 4. c4 O-O 5. Nc3 c6 6. d4 d6 7. O-O Nbd7 8. e4
e5 9. b3 Re8 10. Be3 a6 11. h3 b5 {LiveBook: 19 Games} 12. c5 exd4 13. Nxd4 Bb7
$1 {next ...b4 is good for Black.The position is equal.} ({But not} 13... dxc5
$6 14. Nxc6 Qc7 {[#]} 15. e5 $1 $18) 14. cxd6 c5 15. Nde2 Nxe4 16. Nxe4 (16.
Rc1 $11) 16... Bxa1 $15 ({Much weaker is} 16... Bxe4 17. Bxe4 Rxe4 18. Rc1 $11)
17. Nxc5 Bxg2 18. Kxg2 {[#] Nxd7 is the strong threat.} Be5 ({Black should try
} 18... Nxc5 $1 $17 19. Bxc5 Qc8) 19. b4 a5 20. a3 axb4 21. axb4 Ra1 $36 {
Black is in control.} 22. Qxa1 $4 (22. Nc1 $17 {is tougher.}) 22... Bxa1 $19
23. Rxa1 Qc8 $2 (23... Nb6 $19 {and Black stays clearly on top.} 24. Rd1 Qa8+
25. Kf1 Qf3) 24. Ra7 (24. Kh2 $17) 24... Qc6+ 25. Kg1 Ne5 26. d7 {[#]} Rd8 $1
27. Nd4 Qd6 28. Ne4 $2 (28. Kh2) 28... Qb8 $2 (28... Qxb4 $19 {is more deadly.
And now ...Qb1+ would win.} 29. Kg2 Nxd7) 29. Nb3 $2 (29. Nf6+ $17 Kg7 30. Ne8+
Kh8 31. Bf4 Nf3+ 32. Nxf3 Qxa7 33. Be5+ Kg8 34. Nf6+ Kf8 35. Bd6+ Kg7 36. Ne8+
Kg8 37. Ne5 Qa1+ 38. Kh2) 29... f5 30. Nf6+ Kf7 31. f4 $2 (31. Ra6 Nxd7 32.
Nxh7) 31... Nc4 32. Bd4 {[#]} Qxa7 $1 33. Bxa7 {Black must now prevent Bd4.}
Kxf6 {Endgame KRN-KBN} 34. Bd4+ Ke7 35. Nc5 Nb6 36. Na6 Nxd7 {Black is clearly
winning.} 37. Nc7 Rb8 38. Nd5+ Kd6 39. Nf6 h6 40. g4 Rc8 41. gxf5 Nxf6 0-1

[Event "Aeroflot Open 2017"]
[Site "Moscow"]
[Date "2017.02.23"]
[Round "3"]
[White "Tabatabaei, M amin"]
[Black "Sethuraman, S P."]
[Result "0-1"]
[WhiteElo "2507"]
[BlackElo "2623"]
[Annotator "TA"]
[PlyCount "52"]
[EventDate "2017.??.??"]

1. d4 f5 2. Qd3 e6 3. g4 {??.} d5 4. Nf3 Nf6 5. Ne5 Nxg4 6. Nxg4 fxg4 7. h3
gxh3 8. Rxh3 Nc6 9. Bf4 (9. Rxh7 $11 {remains equal.} Rxh7 10. Qg6+ (10. Qxh7
Qf6 $11) 10... Kd7 11. Qxh7) 9... Qf6 10. e3 Bd7 11. Nc3 (11. Rxh7 $2 Nb4 12.
Rxh8 Nxd3+ 13. Bxd3 O-O-O $17) 11... O-O-O $1 12. Nb5 ({Don't take} 12. Rxh7 $2
Nb4 13. Rxh8 Nxd3+ 14. cxd3 Bd6 15. Rxd8+ Kxd8 16. Bxd6 cxd6 $19) 12... Bb4+
13. c3 Ba5 14. a4 ({Don't play} 14. Rxh7 Rxh7 15. Qxh7 a6 $17) 14... a6 $36 {
Black is pushing.} 15. b4 Bb6 {[#] Threatens to win with ...e5.} 16. a5 $1 Nxa5
17. bxa5 Bxb5 18. Qxb5 $4 (18. Qc2 $11 {and White is okay.} Bxf1 19. Kxf1)
18... axb5 (18... Bxd4 $142 19. Qxb7+ Kxb7 20. cxd4 Qe7) 19. axb6 $19 c6 20.
Rg3 {Be5 is the strong threat.} Rhf8 {aiming for ...Rf7.} 21. Bd3 g6 22. Ra7 e5
23. dxe5 Qe7 24. Rh3 {[#]} Rxf4 $1 {Black is clearly winning.} 25. exf4 Kb8 26.
Ke2 Rf8 0-1

[Event "Aeroflot Open 2017"]
[Site "Moscow"]
[Date "2017.02.23"]
[Round "3"]
[White "Golubov, Saveliy"]
[Black "Kovalev, Vladislav"]
[Result "0-1"]
[WhiteElo "2492"]
[BlackElo "2598"]
[Annotator "TA"]
[PlyCount "82"]
[EventDate "2017.??.??"]

1. d4 Nf6 2. Nf3 g6 3. Bg5 Bg7 4. Nbd2 O-O 5. e4 d6 6. c3 c5 7. dxc5 dxc5 8.
Bc4 Nc6 9. O-O Qc7 10. Re1 h6 11. Bh4 Nh5 12. Qe2 Na5 13. Bb5 a6 14. Ba4 b5 15.
Bc2 e5 {LiveBook: 3 Games} 16. Red1 Bg4 17. a4 c4 {Black is slightly better.}
18. axb5 axb5 19. Bg3 Nb7 20. b4 Qb6 21. Nf1 Nf4 22. Bxf4 {Bg3 is the strong
threat.} exf4 23. e5 {[#]} (23. Rxa8 $142 Rxa8 24. h3 Bxf3 25. Qxf3) 23... Rxa1
$1 $17 24. Rxa1 Re8 25. Qe4 Bxf3 26. Qxf3 Bxe5 27. Re1 Nd6 28. Rd1 (28. g3 $17)
28... Qa6 $19 29. g3 Qa8 30. Qxa8 Rxa8 31. Rd5 Re8 32. gxf4 Bxf4 33. Ne3 Re6
34. Kg2 (34. Rd1 $17 {is a better defense.}) 34... Kf8 35. Kf3 Be5 36. Rc5 Bxc3
37. Nd5 Bd4 38. Rc6 Kg7 39. h3 h5 40. Rc7 Re5 41. Nf4 Nf5 0-1

[Event "Aeroflot Open 2017"]
[Site "Moscow"]
[Date "2017.02.23"]
[Round "3"]
[White "Tran, Tuan Minh"]
[Black "Blomqvist, Erik"]
[Result "1-0"]
[WhiteElo "2491"]
[BlackElo "2573"]
[Annotator "TA"]
[PlyCount "117"]
[EventDate "2017.??.??"]

1. d4 d5 2. c4 c6 3. Nc3 Nf6 4. cxd5 cxd5 5. Bf4 Nc6 6. e3 Bf5 7. Qb3 Na5 8.
Qa4+ Bd7 9. Qc2 e6 10. Bd3 Nc6 11. a3 Nh5 12. Bg3 {LiveBook: 15 Games} Be7 13.
f4 f5 14. Nf3 {The position is equal.} O-O 15. O-O Rc8 16. Qe2 a6 17. Bf2 Nf6
18. Bh4 Ne4 19. Bxe7 Qxe7 20. Rac1 Rc7 21. Rc2 Rfc8 22. Rfc1 Be8 23. Qe1 h6 24.
b4 Na7 25. Ne5 a5 26. Na2 Nc6 27. Nxc6 Rxc6 (27... Bxc6 28. b5 (28. bxa5 Qxa3
29. Bxe4 fxe4 $14) 28... Be8 29. Rxc7 (29. Qxa5 Rxc2 30. Bxc2 b6 $11) 29...
Rxc7 30. Bxe4 (30. Qxa5 Rxc1+ 31. Nxc1 b6 32. Qxb6 Qxa3 33. Qxe6+ Kh7 34. Qxf5+
Bg6 $11) 30... Rxc1 31. Nxc1 (31. Qxc1 dxe4 32. b6 Qd7 $11)) 28. Rxc6 Rxc6 (
28... Bxc6 $6 29. b5 (29. bxa5 Qxa3 30. Bxe4 fxe4 $15) 29... Bd7 30. Rxc8+ (30.
Qxa5 Rxc1+ 31. Nxc1 Kh7 $16) 30... Bxc8 31. Qxa5 $16) 29. Rxc6 Bxc6 30. Qc1
axb4 31. Nxb4 Ba4 32. Bxe4 fxe4 33. h3 Bb3 34. Qc8+ Kh7 $1 35. Kh2 Bc4 36. Qb8
Bb3 37. Kg3 g5 38. Kh2 Kg7 39. fxg5 hxg5 40. Kg1 Qf7 41. Qg3 Kh6 42. Qd6 Kg7
43. Qd8 Kg6 44. Qb6 Kh5 45. Nc6 bxc6 46. Qxb3 $11 {Endgame KQ-KQ} Qa7 {[#]} (
46... Qc7 $11 {keeps the balance.}) 47. Qb4 (47. a4 $1 $16) 47... e5 $2 ({
Black should play} 47... g4 $1 $14) 48. g4+ $18 Kg6 49. Qd6+ Kf7 50. Qxc6 {
White is clearly winning.} Qa5 (50... exd4 $142 51. Qxd5+ Kg6 52. Qxe4+ Kh6 53.
Qxd4 Qxa3 54. Qf6+ Kh7 55. Qf7+ Kh8 56. Qh5+ Kg8 57. Qxg5+ Kf7) 51. Qd7+ ({
Inferior is} 51. dxe5 Qe1+ 52. Kg2 Qe2+ 53. Kh1 Qf3+ 54. Kh2 Qf2+ 55. Kh1 Qf3+
56. Kh2 Qf2+ 57. Kh1 Qf3+ $11) 51... Kg6 52. Qe8+ ({Stronger than} 52. dxe5
Qe1+ 53. Kg2 Qe2+ 54. Kh1 Qf3+ 55. Kh2 Qf2+ 56. Kh1 Qf3+ 57. Kh2 Qf2+ 58. Kh1
Qf3+ $11) 52... Kg7 53. Qxe5+ Kh6 54. Qf6+ Kh7 55. Qf7+ ({Not} 55. Qxg5 Qe1+
56. Kg2 Qe2+ 57. Kg3 Qf3+ 58. Kh2 Qf2+ 59. Kh1 Qf1+ 60. Kh2 Qf2+ 61. Kh1 Qf1+
62. Kh2 Qf2+ $11) 55... Kh6 56. Qh5+ Kg7 57. Qxg5+ Kf7 58. Qf5+ Kg7 59. Kg2 1-0

[Event "Aeroflot Open 2017"]
[Site "Moscow"]
[Date "2017.02.23"]
[Round "3"]
[White "Debashis, Das"]
[Black "Buhmann, Rainer"]
[Result "1/2-1/2"]
[WhiteElo "2472"]
[BlackElo "2625"]
[Annotator "TA"]
[PlyCount "81"]
[EventDate "2017.??.??"]

1. d4 Nf6 2. c4 e6 3. Nc3 {??.} Bb4 4. Qc2 d5 5. cxd5 exd5 6. Bg5 h6 7. Bh4 Nc6
8. e3 g5 9. Bg3 h5 10. Bb5 h4 11. Be5 O-O 12. Bxf6 Qxf6 13. a3 Bf5 14. Bd3
Bxc3+ 15. bxc3 Bxd3 16. Qxd3 Rfe8 17. Nf3 Kg7 18. h3 Qg6 19. Qb5 Ne7 20. O-O b6
21. c4 c6 22. Qa4 Qf5 (22... dxc4 $14 23. Qxc4 f6) 23. Rac1 dxc4 24. Qxc4 Rac8
25. Ne5 c5 26. f4 {[#] Threatens to win with fxg5.} cxd4 27. Qxd4 f6 (27...
Rxc1 $16 28. Nf3+ Qf6 29. Qxf6+ Kxf6 30. fxg5+ Kg6 31. Rxc1 Nf5) 28. Rxc8 $18
fxe5 29. Rxe8 exd4 30. Rxe7+ {Endgame KQ-KRR} Kg6 31. Re5 ({Stronger than} 31.
Rxa7 dxe3 32. fxg5 Qxg5 $11) 31... Qd3 32. fxg5 dxe3 33. Rf6+ Kg7 $1 34. Re7+
Kg8 35. Re8+ (35. Rfe6 $1 $14) 35... Kg7 $11 36. Re7+ Kg8 37. Rc6 {[#]
Intending Rc8+ and mate.} Kf8 $1 38. Rxa7 {White threatens Rc8+ and mate.} Qd1+
39. Kh2 {Rc8+ would kill now.} Qd8 40. Rf6+ Kg8 {Strongly threatening ...Qb8+.}
41. Rg6+ 1/2-1/2

[Event "Aeroflot Open 2017"]
[Site "Moscow"]
[Date "2017.02.23"]
[Round "3"]
[White "Firouzja, Alireza"]
[Black "Bindrich, Falko"]
[Result "1-0"]
[WhiteElo "2465"]
[BlackElo "2590"]
[Annotator "TA"]
[PlyCount "113"]
[EventDate "2017.??.??"]

1. e4 e5 2. Nf3 Nc6 3. Bb5 Nf6 4. d3 Bc5 5. Bxc6 dxc6 6. Nbd2 O-O 7. Nc4 Nd7 8.
Qe2 Re8 9. Bd2 b5 10. Ne3 {LiveBook: 3 Games} a5 11. a4 Bb6 12. O-O {The
position is equal.} Nf8 13. Rfd1 Ng6 14. g3 Be6 15. h4 f6 16. Qe1 b4 17. Qe2
Qd7 18. Be1 Rad8 19. Nd2 Bf7 20. Kh2 Nf8 21. Ndc4 Ne6 22. c3 c5 (22... bxc3 $15
23. bxc3 Nc5) 23. f3 Qc6 24. Nf1 Qd7 25. Bf2 Nf8 26. Nfe3 Qc6 27. f4 exf4 28.
gxf4 Qd7 (28... Bxc4 $11 29. Nxc4 f5) 29. Qf3 $16 Kh8 30. f5 Qe7 31. Bg3 Nd7
32. Rg1 ({White should play} 32. Bf4 $16) 32... Rg8 33. Kh3 Nb8 34. Nd5 Qd7 35.
Nce3 (35. Ndxb6 cxb6 36. Nxb6 Qb7 $11) 35... Nc6 36. h5 Ne7 (36... h6 $11) 37.
c4 h6 38. b3 Nc6 39. Qg4 Qe8 40. Qf4 ({Much worse is} 40. Bxc7 Bxc7 41. Nxc7
Bxh5 $15) (40. Nf4 $1 $14) 40... Kh7 (40... Bxd5 $11 41. Nxd5 Qxh5+ 42. Qh4 Qg5
) 41. Bh4 {[#] White wants to mate with Rxg7+!} Bxd5 42. Nxd5 {Hoping for
Rxg7+!} Qxh5 43. Ra2 Rdf8 (43... Ne5 $11 {keeps the balance.} 44. Rag2 Kh8) 44.
Rag2 Rf7 $2 (44... Ne5 $14) 45. Qg3 {aiming for Nxf6+!} Rff8 $2 {[#]} (45...
Ne7 46. Nf4 Nxf5 47. Nxh5 Nxg3 48. Bxg3 Rd8) 46. Nxb6 ({Not} 46. Nxc7 Nd4 $16)
(46. Qxg7+ $142 $1 Rxg7 47. Nxf6+ Kh8 48. Nxh5 Rxg2 49. Rxg2) 46... Ne5 47. Nd5
g5 48. fxg6+ $1 Rxg6 49. Qf4 Rg5 {Now ...Nf3 and Black clings on.} 50. Nxf6+ ({
Weaker is} 50. Rxg5 fxg5 51. Qxf8 Qxh4+ 52. Kg2 Qg4+ 53. Kf2 Nxd3+ 54. Kf1 Qd1+
55. Kg2 Qg4+ 56. Kf1 Qd1+ 57. Kg2 Qg4+ 58. Kf1 $11) 50... Rxf6 51. Qxf6 Nf3 52.
Qf5+ Kh8 53. Qf8+ Kh7 54. Qf5+ Kh8 55. Rxg5 hxg5 56. Rg4 Nxh4 57. Qxg5 (57.
Rxg5 $142 Nxf5+ 58. Rxh5+ Nh6 59. Rxh6+ Kg7 60. Rc6 Kf7 61. Rxc7+ Ke6 62. Rxc5)
1-0

[Event "Aeroflot Open 2017"]
[Site "Moscow"]
[Date "2017.02.23"]
[Round "3"]
[White "Kovalevskaya, Ekaterina"]
[Black "Cordova, Emilio"]
[Result "0-1"]
[WhiteElo "2423"]
[BlackElo "2655"]
[Annotator "TA"]
[PlyCount "120"]
[EventDate "2017.??.??"]

1. e4 d6 2. d4 Nf6 3. Nc3 g6 4. Nf3 Bg7 5. Be2 O-O 6. O-O Bg4 7. Be3 Nc6 8. Qd2
a6 {LiveBook: 4 Games} 9. Rad1 Nd7 10. Ne1 Bxe2 {White has an edge.} 11. Nxe2
e5 12. dxe5 Ncxe5 13. b3 Re8 14. f3 b5 15. Nf4 a5 16. Ned3 a4 17. Nxe5 Nxe5 18.
Nd5 axb3 19. axb3 c6 20. Nf4 Ra2 21. Rf2 Bf8 22. Nd3 Nxd3 23. Qxd3 Qc8 24. c4
bxc4 25. bxc4 Ra4 26. Rc2 Qe6 27. Bf4 Rd8 28. Bg3 h5 29. h3 Be7 30. Qb3 Rda8
31. Qb7 h4 32. Bf2 Ra1 33. Rcc1 R1a6 34. Rb1 Bf6 35. Rb6 (35. Qb3 $11 {keeps
the balance.}) 35... Qxc4 $17 36. Rxa6 Qxa6 37. Qc7 (37. Qxa6 $17 Rxa6 38. g3)
37... c5 (37... Be5 $19 {aiming for ...Qa1!} 38. Re1 Qc4) 38. f4 {[#]} Qe2 ({
Black should try} 38... Bd4 $1 $17 {... Qe2 is the strong threat.} 39. Bxd4 Qe2
) 39. Qxd6 $2 (39. Re1 $11 Qd2 40. e5) 39... Bd4 $19 40. Rxd4 Ra1+ 41. Kh2 Qxf2
42. Rd1 Rxd1 43. Qxd1 Qxf4+ {Endgame KQ-KQ} 44. Kh1 (44. Kg1 $19 Qxe4 45. Kf1)
44... Qxe4 {Black mates.} 45. Qd2 Qd4 46. Qa5 Kg7 47. Qb6 Qa1+ 48. Kh2 Qe5+ 49.
Kh1 c4 50. Qc6 c3 51. Qc4 Qe3 52. Kh2 g5 53. Qc6 {[#]} g4 $1 54. hxg4 Qg3+ 55.
Kh1 h3 56. gxh3 Qxh3+ 57. Kg1 Qxg4+ 58. Kf2 Qf4+ 59. Ke2 Qd2+ 60. Kf3 c2 0-1